000
00270nam a2200109Ia 4500
005
20251222143215.0
008
251222s9999||||xx |||||||||||||| ||spa||
082
_a
759.44/H37
245
0
_a
Hélion:
264
_b
Musée d'art et d'industrie, saint-étienne
942
_c
LIB
999
_c
13609
_d
13609